In days of great peace : (Record no. 516774)

000 -LEADER
fixed length control field 00317nam a22001097a 4500
082 ## - DEWEY DECIMAL CLASSIFICATION NUMBER
Classification number TNC O35 Sa15
100 ## - MAIN ENTRY--PERSONAL NAME
Personal name Sadhu, Mouni
9 (RLIN) 23426
245 ## - TITLE STATEMENT
Title In days of great peace :
Remainder of title The highest yoga as lived
Statement of responsibility, etc by Mouni Sadhu
260 ## - PUBLICATION, DISTRIBUTION, ETC. (IMPRINT)
Place of publication, distribution, etc Tiruvannamalai
Name of publisher, distributor, etc Sri Ramanasramam
Date of publication, distribution, etc 2001
300 ## - PHYSICAL DESCRIPTION
Extent 223p.
650 ## - SUBJECT ADDED ENTRY--TOPICAL TERM
Topical term or geographic name as entry element Meditation
9 (RLIN) 23427
Holdings
Withdrawn status Lost status Source of classification or shelving scheme Damaged status Koha normalized classification for sorting Not for loan Permanent location Current location Date acquired Full call number Barcode Date last seen Price effective from Koha item type
        TNC_O35_SA15   Indian Institute of Public Administration Indian Institute of Public Administration 2021-03-15 TNC O35 Sa15 GR22746 2021-03-15 2021-03-15 GR

Powered by Koha